Money / written by Joe Cribb.
Available copies
- 1 of 1 copy available at LARL/NWRL Consortium. (Show)
- 1 of 1 copy available at Northwest Regional Library.
Current holds
0 current holds with 1 total copy.
Show Only Available Copies
| Location | Call Number / Copy Notes | Barcode | Shelving Location | Status | Due Date |
|---|---|---|---|---|---|
| Greenbush Public Library | j 332.4 CRI (Text) | 35500003685367 | Main | Available | - |
Record details
- ISBN: 0756613892 (trade bdg.)
- ISBN: 0756613981
- Physical Description: 72 p. : col. ill., map ; 29 cm.
- Edition: Revised ed.
- Publisher: New York : DK, c2005.
Content descriptions
| General Note: | Includes index. |
| Summary, etc.: | Examines, in text and photographs, the symbolic ... Read More |
Search for related items by subject
| Subject: | Money > Juvenile literature. |
Search for related items by series
| LDR | 01117nam a2200277Ia 4500 | ||
|---|---|---|---|
| 001 | 63420 | ||
| 003 | LARL_NWRL_CONSORTIUM | ||
| 005 | 20050929080928.0 | ||
| 008 | 050913s2005 nyuab j 001 0 eng d | ||
| 020 | . | ‡a0756613892 (trade bdg.) | |
| 020 | . | ‡a0756613981 | |
| 024 | 3 | . | ‡a9780756613891 |
| 082 | 0 | 4. | ‡a332.4 ‡222 |
| 100 | 1 | . | ‡aCribb, Joe. ‡0(LARL_NWRL_CONSORTIUM)93524 |
| 245 | 1 | 0. | ‡aMoney / ‡cwritten by Joe Cribb. |
| 250 | . | ‡aRevised ed. | |
| 260 | . | ‡aNew York : ‡bDK, ‡cc2005. | |
| 300 | . | ‡a72 p. : ‡bcol. ill., map ; ‡c29 cm. | |
| 490 | 0 | . | ‡aDK eyewitness books |
| 520 | . | ‡aExamines, in text and photographs, the symbolic and material meaning of money, from shekels, shells, and beads to gold, silver, checks, and credit cards. Also discusses how coins and banknotes are made, the value of money during wartime, and how to collect coins. | |
| 500 | . | ‡aIncludes index. | |
| 650 | 0. | ‡aMoney ‡vJuvenile literature. ‡0(LARL_NWRL_CONSORTIUM)166247 | |
| 700 | 1 | . | ‡aHowson, Chas. |
| 901 | . | ‡a63420 ‡bISxN ‡c63420 ‡tbiblio | |

Add to basket
Permalink
Enable Highlighting